000 00707nam a22002657a 4500
003 UA-OsUOA
001 25119
007 ta
008 20040316b un ||||| |||| 00| 0 ukr d
100 _aЦират Г.А.
700 _aЦират А.В.
090 _a347.918
_bЦ68
942 _cBK
040 _aUA-OsUOA
_brus
_cUA-OsUOA
_dUA-OsUOA
245 _aМеждународный арбитраж как способ разрешения внешнеекономических споров
300 _a367 с.
955 _a2
041 _arus
080 _a347.918
020 _a966-507-037-1
260 _aКиев
_bДовира
_c1997
044 _aUA
650 7 _2UDC
999 _c311411
_d311411